000 00578nam a2200229Ia 4500
003 OSt
005 20221007074700.0
006 a|||||r|||| 00| 0
007 ta
008 221006b |||||||| |||| 00| 0 eng d
024 _a814
037 _cTextual
040 _aFLL
_cFLL
_beng
041 _2eng
_aeng
082 _aX:517:Z2, N1
100 _aDugar S.M
_9230242
245 0 _aMRTP Law & Practices
250 _a2nd
260 _aNagpur
_bWadhwa and Company India
_c1991
942 _hX:517:Z2, N1
_cTEXL
_2CC
999 _c1153316
_d1153316